[Event "aut_chT03"]
[Site "Jenbach"]
[Date "2004.01.23"]
[Round "5"]
[Board "4"]
[White "Bokros, Albert"]
[Black "Novkovic, Milan"]
[Result "1/2-1/2"]
[WhiteElo "2484"]
[BlackElo "2371"]
[PlyCount "94"]

1.e4 e6 2.d4 d5 3.Nc3 Bb4 4.e5 c5 5.dxc5 Nd7 6.Nf3 Ne7 7.Bd3 Qc7 8.O-O Bxc3
9.bxc3 Nxc5 10.c4 Bd7 11.Bg5 Nxd3 12.cxd3 dxc4 13.Bxe7 Kxe7 14.dxc4 Bc6 15.Nd4
Qxe5 16.Re1 Qg5 17.Nxc6+ bxc6 18.Qb3 Rhb8 19.Qa3+ Ke8 20.Rab1 Qe5 21.h3 Rxb1
22.Rxb1 Rb8 23.Rd1 Qc7 24.Qc5 h6 25.a4 Qb6 26.Qe5 Rd8 27.Rxd8+ Qxd8 28.a5 g6
29.Qc5 Qd1+ 30.Kh2 Qd7 31.g3 h5 32.h4 Qc7 33.Kg2 e5 34.Kh2 f6 35.Kg2 Kf7 36.Kg1
Qd7 37.Kg2 Ke8 38.Kg1 Qc7 39.Kg2 Kf7 40.Kg1 Qd7 41.Kg2 Qc7 42.Kg1 f5 43.Kg2 Ke6
44.Kg1 e4 45.Kg2 Qd7 46.Qf8 Qc7 47.Qg8+ Kf6

[Event "aut_chT03"]
[Site "Jenbach"]
[Date "2004.01.23"]
[Round "5"]
[Board "5"]
[White "Gaertner, Guntram"]
[Black "Miniboeck, Guenter"]
[Result "1-0"]
[WhiteElo "2340"]
[BlackElo "2333"]
[PlyCount "99"]

1.d4 Nf6 2.Nf3 e6 3.Bg5 c5 4.c3 cxd4 5.cxd4 Qb6 6.Qc1 Nc6 7.Bxf6 gxf6 8.e3 d5
9.Nc3 Bd7 10.Be2 Rc8 11.O-O Be7 12.Rb1 O-O 13.Qd1 Na5 14.Nd2 a6 15.Bd3 f5 16.Kh1
Kh8 17.Qh5 f6 18.g4 Rg8 19.gxf5 Rg5 20.Qh3 exf5 21.f4 Rg4 22.Be2 Rg7 23.Bf3 Be6
24.Nxd5 Qd6 25.Nc3 b5 26.a3 Nc4 27.Nxc4 Rxc4 28.Rg1 Rxg1+ 29.Rxg1 Qd8 30.Qg2 Qf8
31.Bd5 Bxd5 32.Qxd5 Bxa3 33.Qxf5 Bxb2 34.Ne4 Rc1 35.Rxc1 Bxc1 36.Nxf6 Qe7 37.Qg5
Qf7 38.Qe5 b4 39.Nd5+ Kg8 40.Ne7+ Kf8 41.Nf5 Qg6 42.Qc5+ Kf7 43.Nd6+ Kg7 44.f5
Qh6 45.f6+ Kxf6 46.Qe5+ Kg6 47.Qf5+ Kg7 48.Qf7+ Kh8 49.Qe8+ Kg7 50.Nf5+

[Event "aut_chT03"]
[Site "Jenbach"]
[Date "2004.01.24"]
[Round "6"]
[Board "1"]
[White "Kindermann, Stefan"]
[Black "Gyimesi, Zoltan"]
[Result "1/2-1/2"]
[WhiteElo "2542"]
[BlackElo "2553"]
[PlyCount "39"]

1.e4 e5 2.Nf3 Nc6 3.Nc3 Nf6 4.a3 d5 5.Bb5 Nxe4 6.Qe2 Nxc3 7.Qxe5+ Qe7 8.dxc3 Bd7
9.Qxe7+ Bxe7 10.Bf4 O-O-O 11.O-O-O Bg4 12.Rde1 Bxf3 13.Bxc6 Bd6 14.Bxd6 Bxg2
15.Rhg1 Rxd6 16.Rxg2 bxc6 17.Rxg7 Rf6 18.Re7 Rf8 19.Rxh7 Rxf2 20.Kd1

[Event "aut_chT03"]
[Site "Jenbach"]
[Date "2004.01.24"]
[Round "6"]
[Board "2"]
[White "Ftacnik, Lubomir"]
[Black "Kosten, Anthony C."]
[Result "1-0"]
[WhiteElo "2582"]
[BlackElo "2507"]
[PlyCount "65"]

1.Nf3 c5 2.c4 Nc6 3.d4 cxd4 4.Nxd4 Qb6 5.e3 Nf6 6.Nc3 e6 7.Be2 Be7 8.O-O O-O
9.b3 d5 10.Na4 Qc7 11.Nxc6 Qxc6 12.cxd5 Nxd5 13.Bf3 Rd8 14.Bb2 Qe8 15.Qe2 Bd7
16.Bxd5 exd5 17.Nc3 Bc6 18.Qd2 d4 19.exd4 Qd7 20.Rfe1 Bxg2 21.Rxe7 Qg4 22.Qe3
Bf3+ 23.Kf1 h6 24.Ne2 Rac8 25.Rc1 Bxe2+ 26.Qxe2 Qh3+ 27.Kg1 Rxc1+ 28.Bxc1 Rxd4
29.Re3 Qd7 30.Ba3 Rd1+ 31.Kg2 Qd5+ 32.Rf3 f5 33.Qc4

[Event "aut_chT03"]
[Site "Jenbach"]
[Date "2004.01.24"]
[Round "6"]
[Board "3"]
[White "Freitag, Manfred"]
[Black "Babula, Vlastimil"]
[Result "1/2-1/2"]
[WhiteElo "2383"]
[BlackElo "2594"]
[PlyCount "94"]

1.e4 c5 2.Nf3 d6 3.d4 cxd4 4.Nxd4 Nf6 5.Nc3 e6 6.Be2 Be7 7.Be3 O-O 8.O-O a6 9.a4
Nc6 10.f4 Qc7 11.Kh1 Rd8 12.Bf3 Rb8 13.Qe2 e5 14.Nxc6 bxc6 15.fxe5 dxe5 16.a5
Rxb2 17.Na4 Rb5 18.Bb6 Qb8 19.Bxd8 Bxd8 20.Rfd1 Be6 21.Nb6 Bxb6 22.axb6 Rxb6
23.Rxa6 h6 24.h3 g6 25.Rxb6 Qxb6 26.Qd2 Kg7 27.Qc3 Qb5 28.Ra1 Nd7 29.Kh2 Qb6
30.Rd1 Qc7 31.Qa3 c5 32.Qa6 Qd8 33.Qc6 Qe7 34.Qc7 h5 35.Kg1 c4 36.Rd6 Kh6 37.Kf2
Qh4+ 38.Ke2 Nf6 39.Qd8 c3 40.Rxe6 fxe6 41.Qh8+ Kg5 42.Qd8 Qf4 43.Qd3 Kh4 44.Qxc3
Nxe4 45.Bxe4 Qxe4+ 46.Kf2 Qf4+ 47.Ke2 Qe4+

[Event "aut_chT03"]
[Site "Jenbach"]
[Date "2004.01.24"]
[Round "6"]
[Board "4"]
[White "Stanec, Nikolaus"]
[Black "Karner, Christoph"]
[Result "1-0"]
[WhiteElo "2539"]
[BlackElo "2352"]
[PlyCount "79"]

1.g3 Nf6 2.Bg2 g6 3.e4 d6 4.Nc3 Bg7 5.d3 e5 6.Nge2 Nc6 7.O-O O-O 8.h3 Ne8 9.f4
f5 10.exf5 gxf5 11.Kh2 Nf6 12.Ng1 Nd4 13.Nd5 Nxd5 14.Bxd5+ Kh8 15.c3 Ne6 16.Qh5
exf4 17.Bxf4 Nxf4 18.gxf4 c6 19.Bb3 Bd7 20.Nf3 Be8 21.Qg5 Bf7 22.Bxf7 Rxf7
23.Qh5 Rf6 24.Ng5 Qg8 25.Rae1 Bh6 26.Re7 Bxg5 27.fxg5 Re6 28.Rxb7 Rb8 29.Qxh7+
Qxh7 30.Rxb8+ Kg7 31.Rb7+ Kg6 32.Rxh7 Kxh7 33.Rxf5 Re2+ 34.Kg3 Rxb2 35.h4 Rd2
36.d4 Rxa2 37.Rf7+ Kg8 38.g6 Ra3 39.h5 Rxc3+ 40.Kg4

[Event "aut_chT03"]
[Site "Jenbach"]
[Date "2004.01.24"]
[Round "6"]
[Board "1"]
[White "Rotstein, Arkadij"]
[Black "Pinter, Jozsef"]
[Result "1/2-1/2"]
[WhiteElo "2519"]
[BlackElo "2501"]
[PlyCount "80"]

1.d4 Nf6 2.c4 e6 3.Nc3 Bb4 4.Qc2 O-O 5.a3 Bxc3+ 6.Qxc3 b6 7.Bg5 Bb7 8.e3 d6
9.Ne2 Nbd7 10.Qd2 h6 11.Bh4 Ne4 12.Bxd8 Nxd2 13.Bxc7 Nxc4 14.Nc3 Rfc8 15.Nb5 Ba6
16.Bxc4 Bxb5 17.Bxb5 Rxc7 18.Bxd7 Rxd7 19.Rc1 Rdd8 20.Kd2 Rac8 21.d5 Rc5 22.dxe6
fxe6 23.b4 Rcc8 24.Kd3 Kf7 25.Kd4 Ke7 26.h4 h5 27.f3 Rh8 28.Rhd1 Rhf8 29.e4 Kd7
30.Ke3 e5 31.g4 g6 32.Rg1 Rxc1 33.Rxc1 Rf4 34.Rg1 b5 35.gxh5 gxh5 36.Rg7+ Kc6
37.Rxa7 Rxh4 38.Ra6+ Kc7 39.a4 bxa4 40.Rxa4 Rh1

[Event "aut_chT03"]
[Site "Jenbach"]
[Date "2004.01.24"]
[Round "6"]
[Board "3"]
[White "Balinov, Ilia"]
[Black "Fogarasi, Tibor"]
[Result "0-1"]
[WhiteElo "2398"]
[BlackElo "2477"]
[PlyCount "186"]

1.Nf3 Nf6 2.c4 g6 3.Nc3 d5 4.cxd5 Nxd5 5.Qa4+ Bd7 6.Qb3 Nb6 7.d4 Bg7 8.Bg5 O-O
9.Rd1 a5 10.e3 a4 11.Qa3 Re8 12.Ne4 Bg4 13.Be2 Qd5 14.Ned2 Nc6 15.O-O Qd6 16.Qc3
e5 17.dxe5 Nxe5 18.Ne4 Nxf3+ 19.gxf3 Rxe4 20.Rxd6 Bxc3 21.Rxb6 cxb6 22.bxc3 Ra5
23.h4 Bh5 24.Rd1 Ree5 25.Rd6 Rad5 26.Rxb6 Rd2 27.Kf1 Rxa2 28.Bc4 Ra1+ 29.Kg2 Rf5
30.f4 Rc5 31.Bd3 Bd1 32.Rxb7 Rc8 33.Bf6 Bb3 34.c4 Rd1 35.Be2 Rc1 36.Ra7 Bxc4
37.Bg4 Bd5+ 38.Bf3 Bxf3+ 39.Kxf3 R1c6 40.Bd4 Rc4 41.Bf6 Kf8 42.Kg3 Rb8 43.Kf3
Rc6 44.Be7+ Ke8 45.Ba3 Rc4 46.Re7+ Kd8 47.Rxf7 Rb3 48.Bd6 Rc6 49.Be5 Ra6 50.Rxh7
a3 51.Rh6 Rbb6 52.h5 gxh5 53.Rxh5 a2 54.Rh7 a1=Q 55.Bxa1 Rxa1 56.Rg7 Rb2 57.Rh7
Rf1 58.Rh2 Ke7 59.Rg2 Rh1 60.Ke4 Kf6 61.Kf3 Rb7 62.Rg8 Rg7 63.Rf8+ Ke7 64.Ra8
Rh3+ 65.Ke2 Rg1 66.Ra6 Rb1 67.Ra2 Ke6 68.Rd2 Rb3 69.Kf1 Rh1+ 70.Kg2 Rhb1 71.Rd8
Rb8 72.Rd4 R8b2 73.Ra4 Rc2 74.e4 Rbb2 75.Kg3 Rxf2 76.Ra6+ Kd7 77.Ra7+ Kc6 78.Kg4
Rb4 79.Re7 Kd6 80.Re8 Kd7 81.Re5 Rb8 82.Rd5+ Kc6 83.Rd1 Rg8+ 84.Kf5 Rf8+ 85.Ke6
R2xf4 86.Rc1+ Kb5 87.e5 Re8+ 88.Kd5 Rf2 89.Rb1+ Ka6 90.Ra1+ Kb6 91.Rb1+ Kc7
92.Rc1+ Kd7 93.Rd1 Re2

[Event "aut_chT03"]
[Site "Jenbach"]
[Date "2004.01.24"]
[Round "6"]
[Board "4"]
[White "Baumegger, Siegfried"]
[Black "Mahdy, Khaled"]
[Result "1-0"]
[WhiteElo "2374"]
[BlackElo "2418"]
[PlyCount "73"]

1.Nf3 Nf6 2.c4 g6 3.Nc3 Bg7 4.e4 d6 5.d4 O-O 6.Be2 Bg4 7.Be3 Nfd7 8.Ng1 Bxe2
9.Ngxe2 c5 10.O-O Nc6 11.Rc1 e5 12.dxc5 dxc5 13.Nd5 Nd4 14.a3 a5 15.Nec3 Ra6
16.Nb5 Kh8 17.b4 axb4 18.axb4 b6 19.bxc5 bxc5 20.Ra1 Rxa1 21.Qxa1 Nb6 22.Qa2 f5
23.Rb1 Nxd5 24.exd5 Qh4 25.Bxd4 cxd4 26.Nc7 e4 27.Ne6 Re8 28.Qa7 Be5 29.g3 Qf6
30.Qd7 Qe7 31.Qc6 d3 32.Kf1 Rg8 33.c5 Qa7 34.Qb7 Qa2 35.Ng5 Rg7 36.Qc8+ Rg8
37.Qd7

[Event "aut_chT03"]
[Site "Jenbach"]
[Date "2004.01.24"]
[Round "6"]
[Board "5"]
[White "Kilgus, Georg"]
[Black "Kuba, Guenter"]
[Result "1/2-1/2"]
[WhiteElo "2340"]
[BlackElo "2339"]
[PlyCount "20"]

1.e4 e5 2.Nf3 Nc6 3.Be2 Nf6 4.d3 Bc5 5.O-O d6 6.c3 Bb6 7.a3 h6 8.b4 O-O 9.Nbd2
a6 10.Bb2 Re8

[Event "aut_chT03"]
[Site "Jenbach"]
[Date "2004.01.24"]
[Round "6"]
[Board "1"]
[White "Mueller, Karsten"]
[Black "Wells, Peter"]
[Result "0-1"]
[WhiteElo "2517"]
[BlackElo "2493"]
[PlyCount "106"]

1.e4 c6 2.d4 d5 3.Nd2 dxe4 4.Nxe4 Nd7 5.Bd3 Ndf6 6.Ng5 Bg4 7.f3 Bh5 8.Ne2 Bg6
9.Bc4 Nd5 10.Nf4 e6 11.O-O Bd6 12.Bxd5 Qxg5 13.Nxg6 Bxh2+ 14.Kxh2 hxg6+ 15.Kg1
Qxd5 16.Bf4 g5 17.c4 Qxc4 18.Rc1 Qxa2 19.Bxg5 Qd5 20.Rc5 Qd6 21.Qd2 Ne7 22.Bf4
Qd7 23.Rg5 Rd8 24.Rxg7 Qxd4+ 25.Qxd4 Rxd4 26.Be5 Rdh4 27.Kf2 Rh1 28.g4 c5 29.Rg5
Rxf1+ 30.Kxf1 Rh1+ 31.Kg2 Rc1 32.Bf6 Ng6 33.Kg3 Rg1+ 34.Kf2 Rc1 35.Rh5 Kd7
36.Kg3 Rg1+ 37.Kf2 Rc1 38.Kg3 Rc4 39.Kf2 b6 40.Ke3 Rc1 41.Bc3 e5 42.Rf5 Ke6
43.Ke4 Rc2 44.f4 exf4 45.Rf6+ Ke7 46.Rc6 Kd7 47.Rf6 Re2+ 48.Kd5 Ke8 49.g5 Re3
50.Kd6 Ne7 51.g6 Nxg6 52.Kc7 Re7+ 53.Kc8 Re6

[Event "aut_chT03"]
[Site "Jenbach"]
[Date "2004.01.24"]
[Round "6"]
[Board "2"]
[White "Rabiega, Robert"]
[Black "Polzin, Rainer"]
[Result "0-1"]
[WhiteElo "2527"]
[BlackElo "2497"]
[PlyCount "80"]

1.e4 g6 2.d4 Bg7 3.Nf3 d6 4.c3 Nf6 5.Bd3 O-O 6.O-O Nc6 7.Re1 e5 8.Na3 Bg4 9.Nc2
d5 10.Bg5 dxe4 11.Bxe4 exd4 12.Bxc6 dxc3 13.Qxd8 Rfxd8 14.Bxb7 Rab8 15.bxc3 Rxb7
16.Ne5 Be6 17.Nd4 Bd5 18.Nec6 Rd6 19.Na5 Rb8 20.Bf4 Ra6 21.c4 Rc8 22.cxd5 Nxd5
23.Nac6 Bxd4 24.Nxd4 Nxf4 25.g3 c5 26.Nb5 Nd3 27.Re3 c4 28.a4 Rb8 29.Nc3 Rb3
30.Ne4 Re6 31.a5 f5 32.Nd2 Rxe3 33.Nxb3 Re1+ 34.Rxe1 Nxe1 35.Nc1 Nd3 36.Na2 Kf7
37.Kf1 Ke6 38.Ke2 Kd5 39.f4 Kd4 40.Kd2 Nf2

[Event "aut_chT03"]
[Site "Jenbach"]
[Date "2004.01.24"]
[Round "6"]
[Board "5"]
[White "Frosch, Ronald"]
[Black "Fahrner, Kurt"]
[Result "1-0"]
[WhiteElo "2210"]
[BlackElo "2376"]
[PlyCount "135"]

1.d4 d5 2.Nf3 Nf6 3.c3 c6 4.Bf4 Bf5 5.Nbd2 Nbd7 6.e3 e6 7.Be2 Be7 8.O-O Qb6
9.Qb3 O-O 10.h3 h6 11.Rfe1 Rac8 12.a4 Ne4 13.Qa2 a6 14.Nxe4 Bxe4 15.Nd2 Bg6
16.e4 Nf6 17.Bf3 Rfe8 18.a5 Qd8 19.Qb3 dxe4 20.Nxe4 Nxe4 21.Bxe4 Bxe4 22.Rxe4
Qd5 23.Qc2 c5 24.c4 Qd7 25.d5 exd5 26.cxd5 Bf8 27.Rxe8 Rxe8 28.Rd1 Bd6 29.Bxd6
Qxd6 30.g3 g6 31.Qc4 h5 32.Kg2 Rd8 33.Qe4 Rd7 34.f4 Re7 35.Qd3 h4 36.Rd2 hxg3
37.Qxg3 Re4 38.f5 Qxg3+ 39.Kxg3 Kf8 40.f6 Ke8 41.Kf3 Rb4 42.Re2+ Kd7 43.Re7+ Kd6
44.Rxf7 Ke5 45.d6 Kxd6 46.Re7 Rb3+ 47.Kg4 Rxb2 48.Kg5 c4 49.Re1 Rg2+ 50.Kh6 Rg3
51.Rf1 Rxh3+ 52.Kg7 Re3 53.f7 Re7 54.Kxg6 Rxf7 55.Kxf7 Kc5 56.Rb1 c3 57.Rxb7 c2
58.Rc7+ Kb4 59.Ke6 Kxa5 60.Kd5 Kb4 61.Rxc2 a5 62.Kd4 Kb3 63.Kd3 a4 64.Rc8 a3
65.Rb8+ Ka2 66.Kc2 Ka1 67.Rh8 Ka2 68.Rh3

[Event "aut_chT03"]
[Site "Jenbach"]
[Date "2004.01.24"]
[Round "6"]
[Board "6"]
[White "Ebner, Hubert"]
[Black "Wallner, Walter"]
[Result "1/2-1/2"]
[WhiteElo "2251"]
[BlackElo "2128"]
[PlyCount "45"]

1.d4 Nf6 2.c4 g6 3.Nc3 Bg7 4.e4 d6 5.f3 O-O 6.Bg5 Nbd7 7.Qd2 c6 8.Nh3 e5 9.d5
Qb6 10.Be2 cxd5 11.cxd5 Nc5 12.Nf2 Nh5 13.Be3 Nf4 14.O-O Bd7 15.Nd3 Nfxd3
16.Bxd3 f5 17.Rfc1 Rac8 18.Rab1 Qd8 19.Be2 a5 20.b4 axb4 21.Rxb4 Qa5 22.Rcb1 Rc7
23.Bb5

[Event "aut_chT03"]
[Site "Jenbach"]
[Date "2004.01.24"]
[Round "6"]
[Board "3"]
[White "Hoelzl, Franz"]
[Black "Loeffler, Stefan"]
[Result "0-1"]
[WhiteElo "2361"]
[BlackElo "2413"]
[PlyCount "148"]

1.e4 Nf6 2.e5 Nd5 3.d4 d6 4.Nf3 dxe5 5.Nxe5 c6 6.Bc4 Nd7 7.Ng4 N7b6 8.Bb3 Bf5
9.O-O e6 10.c4 Nf6 11.Ne3 Bxb1 12.Rxb1 Qc7 13.Qf3 O-O-O 14.Nc2 c5 15.Be3 h5
16.g3 h4 17.Rfd1 hxg3 18.hxg3 Nbd7 19.Ba4 Nb6 20.Bf4 Bd6 21.dxc5 Qxc5 22.b4 Qf5
23.Ne3 Qe4 24.Qxe4 Nxe4 25.Bxd6 Nxa4 26.Be5 Nd2 27.Bxg7 Rhg8 28.Bf6 Nxb1 29.Rxb1
Rd2 30.c5 b5 31.cxb6 Nxb6 32.a4 Rg6 33.Be5 Kd7 34.Bb8 Nxa4 35.Nc4 Rd5 36.Ne5+
Kc8 37.Nxg6 Kxb8 38.Ne7 Rd6 39.b5 Kb7 40.Nc6 Rd5 41.Ra1 Rxb5 42.Nd8+ Kc7 43.Nxf7
Rb4 44.Kg2 Kb6 45.Ng5 Nc5 46.Re1 Rb2 47.Re3 e5 48.Nf7 e4 49.Nd6 Rb4 50.g4 Kc6
51.Nf5 Kd5 52.Ra3 Ra4 53.Rh3 Ne6 54.Ne3+ Ke5 55.Rh5+ Kf6 56.Nd5+ Kg7 57.Re5 Kf7
58.Kg3 Rd4 59.Ne3 Ra4 60.g5 Ng7 61.Nd5 Ra3+ 62.Ne3 Ra4 63.Rd5 Kg6 64.Kg4 Ra1
65.Rd6+ Kf7 66.Rf6+ Ke8 67.Kh3 Rg1 68.Ng4 Rh1+ 69.Kg2 Rh5 70.Rg6 Kf8 71.Nf6 Nf5
72.Nxe4 Nh4+ 73.Kh3 Nxg6+ 74.Kg4 Rh4+

[Event "aut_chT03"]
[Site "Jenbach"]
[Date "2004.01.24"]
[Round "6"]
[Board "4"]
[White "Neulinger, Manfred"]
[Black "Moser, Guenter"]
[Result "1/2-1/2"]
[WhiteElo "2323"]
[BlackElo "2356"]
[PlyCount "26"]

1.e4 c6 2.d3 d5 3.Nd2 g6 4.Ngf3 Bg7 5.g3 dxe4 6.Nxe4 Nf6 7.Nxf6+ Bxf6 8.Bg2 O-O
9.O-O Bg4 10.h3 Be6 11.Re1 Bd5 12.c3 Nd7 13.d4 Re8

[Event "aut_chT03"]
[Site "Jenbach"]
[Date "2004.01.24"]
[Round "6"]
[Board "5"]
[White "Pilaj, Herwig"]
[Black "Roth, Peter"]
[Result "1/2-1/2"]
[WhiteElo "2375"]
[BlackElo "2301"]
[PlyCount "70"]

1.d4 Nf6 2.Nf3 d6 3.c4 Nbd7 4.Nc3 e5 5.Bg5 Be7 6.e3 c6 7.Qc2 Qc7 8.Bd3 Nf8 9.h3
h6 10.Bh4 Nh5 11.Bxe7 Qxe7 12.O-O-O g6 13.c5 dxc5 14.dxe5 Nd7 15.Bxg6 fxg6
16.Qxg6+ Qf7 17.Qd6 Ng7 18.Kb1 Nf5 19.Qd2 Qe7 20.e4 Nd4 21.Nxd4 cxd4 22.Qxd4
Qxe5 23.Qe3 Nb6 24.f4 Qe7 25.Qd4 Rf8 26.f5 Bd7 27.g4 O-O-O 28.Qd6 Qg5 29.Qg3 h5
30.Rc1 a6 31.Ka1 Be8 32.Qg1 Kc7 33.Qg3+ Kc8 34.Qg1 Kc7 35.Qg3+ Kc8

[Event "aut_chT03"]
[Site "Jenbach"]
[Date "2004.01.24"]
[Round "6"]
[Board "6"]
[White "Posch, Werner"]
[Black "Petschar, Kurt"]
[Result "1/2-1/2"]
[WhiteElo "2226"]
[BlackElo "2281"]
[PlyCount "48"]

1.e4 c5 2.Nf3 Nc6 3.d3 e5 4.g3 g6 5.Bg2 Bg7 6.O-O Nf6 7.Nbd2 O-O 8.Nc4 d6 9.a4
h6 10.h3 Re8 11.b3 d5 12.exd5 Nxd5 13.Bb2 Nb6 14.Nfd2 Nxc4 15.Nxc4 Qc7 16.Re1
Bd7 17.Ne3 Nd4 18.Nd5 Qd6 19.c4 Nc6 20.Qd2 Rad8 21.Re3 b6 22.Rae1 h5 23.Qd1 Be6
24.Bc3 Bd7

[Event "aut_chT03"]
[Site "Jenbach"]
[Date "2004.01.24"]
[Round "6"]
[Board "1"]
[White "Shchekachev, Andrei"]
[Black "Gustafsson, Jan"]
[Result "0-1"]
[WhiteElo "2520"]
[BlackElo "2572"]
[PlyCount "79"]

1.e4 e5 2.Nf3 Nc6 3.Bb5 a6 4.Ba4 Nf6 5.O-O Be7 6.Re1 b5 7.Bb3 d6 8.c3 O-O 9.h3
Na5 10.Bc2 c5 11.d4 Nd7 12.Nbd2 exd4 13.cxd4 Nc6 14.d5 Nce5 15.a4 Rb8 16.Nh2 Ng6
17.Ndf3 Re8 18.Ra2 Bb7 19.b3 Bf6 20.Ng4 Bc3 21.Re3 b4 22.Bd2 h5 23.Ngh2 Bf6
24.a5 Bc8 25.Bd3 Nf4 26.Bf1 Nf8 27.Re1 N4g6 28.Qc1 Ra8 29.Kh1 Ra7 30.Bd3 Bd7
31.Nf1 Ne5 32.Nxe5 Bxe5 33.Bg5 Bf6 34.Bf4 Bb5 35.Bb1 Ng6 36.Bd2 Ne5 37.Qd1 g6
38.Ne3 Rc7 39.Bc1 c4 40.bxc4

[Event "aut_chT03"]
[Site "Jenbach"]
[Date "2004.01.24"]
[Round "6"]
[Board "2"]
[White "Atlas, Valery"]
[Black "Hertneck, Gerald"]
[Result "1/2-1/2"]
[WhiteElo "2471"]
[BlackElo "2536"]
[PlyCount "32"]

1.e4 e6 2.d4 d5 3.Nc3 Nf6 4.e5 Nfd7 5.Nce2 c5 6.f4 Nc6 7.c3 Be7 8.Nf3 O-O 9.g3
cxd4 10.Nexd4 Nc5 11.Bg2 f5 12.exf6 Bxf6 13.O-O Nxd4 14.Nxd4 Qb6 15.Rf2 Bd7
16.Be3 Qa6

[Event "aut_chT03"]
[Site "Jenbach"]
[Date "2004.01.24"]
[Round "6"]
[Board "3"]
[White "Zelcic, Robert"]
[Black "Naumann, Alexander"]
[Result "1-0"]
[WhiteElo "2524"]
[BlackElo "2529"]
[PlyCount "141"]

1.e4 c5 2.Nf3 d6 3.d4 cxd4 4.Nxd4 Nf6 5.Nc3 a6 6.Be2 e5 7.Nb3 Be7 8.O-O O-O
9.Kh1 Nc6 10.a4 Be6 11.f4 exf4 12.Bxf4 Rc8 13.Qe1 Bxb3 14.cxb3 Nd4 15.Bd1 Ne6
16.Bg3 Re8 17.b4 Bf8 18.Bh4 Be7 19.Qf2 Kh8 20.Qa7 Qd7 21.a5 Ra8 22.Qf2 Qd8
23.Qf3 Nd7 24.Bxe7 Qxe7 25.Nd5 Qg5 26.Ba4 Ne5 27.Qh3 Rf8 28.Rad1 Rad8 29.Rf5 Qg4
30.Qxg4 Nxg4 31.h3 Ne5 32.Rf2 Ng5 33.Nc3 f6 34.Bb3 Nc6 35.Rfd2 Nxb4 36.Rxd6 Nc6
37.Rxd8 Rxd8 38.Bd5 Rd6 39.e5 fxe5 40.Rf1 g6 41.h4 Ne6 42.Rf7 Nc5 43.g4 h6
44.Rf8+ Kg7 45.Rf7+ Kh8 46.Bxc6 bxc6 47.Re7 Re6 48.Ra7 e4 49.b4 Nd3 50.Rxa6 e3
51.b5 Rf6 52.bxc6 Rf1+ 53.Kg2 Rf2+ 54.Kg3 Ne5 55.Ra8+ Kg7 56.Ra7+ Kg8 57.Ne4 Rf8
58.c7 e2 59.Nf6+ Kh8 60.Kf2 Rxf6+ 61.Kxe2 Rf8 62.Rb7 Nc6 63.a6 Rc8 64.Kd3 Kg7
65.Kc4 Kf7 66.Kd5 Ne7+ 67.Kd6 Ra8 68.c8=Q Rxc8 69.Rxe7+ Kf6 70.Rc7 Ra8 71.Rc6

[Event "aut_chT03"]
[Site "Jenbach"]
[Date "2004.01.24"]
[Round "6"]
[Board "5"]
[White "Schoeppl, Engelbert"]
[Black "Gaertner, Guntram"]
[Result "0-1"]
[WhiteElo "2277"]
[BlackElo "2340"]
[PlyCount "154"]

1.e4 c6 2.d4 d5 3.Nc3 g6 4.Bf4 Bg7 5.exd5 cxd5 6.Nb5 Na6 7.Bd3 Nf6 8.h3 O-O 9.c3
Bd7 10.Nf3 Bxb5 11.Bxb5 Qb6 12.Qe2 Nc7 13.Bd3 Ne6 14.Bh2 Bh6 15.O-O Bf4 16.Ne5
Bxh2+ 17.Kxh2 Nf4 18.Qd2 Nxd3 19.Nxd3 Qd6+ 20.Qf4 Qxf4+ 21.Nxf4 e6 22.f3 Ne8
23.Nd3 Nd6 24.Rfe1 Rfc8 25.Re2 Rc7 26.g4 Rac8 27.Kg3 b6 28.a4 Nc4 29.Ne5 Nxe5
30.Rxe5 Rc6 31.Rae1 Rc4 32.f4 Rxa4 33.f5 Ra2 34.fxe6 fxe6 35.R1e2 Rc6 36.Rxe6
Rxe6 37.Rxe6 Rxb2 38.Rd6 Rc2 39.Rxd5 Rxc3+ 40.Kf4 Rxh3 41.Rd7 a5 42.Rb7 Rb3
43.d5 Kf8 44.Ke5 a4 45.d6 a3 46.Kf6 Rf3+ 47.Ke6 Re3+ 48.Kd5 a2 49.Ra7 Re2 50.Kc6
Rc2+ 51.Kd5 h5 52.gxh5 gxh5 53.Ra8+ Kf7 54.d7 a1=Q 55.Rxa1 Ke7 56.Rb1 Rc5+
57.Kd4 Rc6 58.Rb5 Rh6 59.Rd5 Kd8 60.Ke3 h4 61.Kf2 h3 62.Kg1 h2+ 63.Kh1 Rh8
64.Rd3 Kc7 65.Rd2 Rd8 66.Kxh2 Rxd7 67.Rc2+ Kb7 68.Kg2 Rf7 69.Rc1 b5 70.Rf1 Rxf1
71.Kxf1 Kb6 72.Ke2 Ka5 73.Kd3 Kb4 74.Kc2 Ka3 75.Kb1 b4 76.Ka1 b3 77.Kb1 b2

[Event "aut_chT03"]
[Site "Jenbach"]
[Date "2004.01.24"]
[Round "6"]
[Board "6"]
[White "Grabher, Heinz"]
[Black "Huber, David"]
[Result "1-0"]
[WhiteElo "2234"]
[BlackElo "2126"]
[PlyCount "121"]

1.e4 Nc6 2.Nf3 f5 3.Nc3 fxe4 4.Nxe4 d5 5.Ng3 Nf6 6.d4 Bg4 7.Bb5 e6 8.h3 Bxf3
9.Qxf3 Bd6 10.O-O O-O 11.Bxc6 bxc6 12.Bg5 Qd7 13.Qe3 Rae8 14.Bf4 Ng4 15.hxg4
Bxf4 16.Qa3 e5 17.dxe5 Qxg4 18.Rfe1 Re6 19.Rad1 Rh6 20.Rd3 Qh4 21.Rf3 Re8
22.Qxa7 Bxg3 23.fxg3 Qb4 24.c3 Qb6+ 25.Qxb6 cxb6 26.a4 Rhe6 27.Rfe3 Ra8 28.Ra1
Rae8 29.Rae1 Ra8 30.b3 Kf7 31.Kf2 Rae8 32.b4 Ra8 33.Ra1 Rae8 34.a5 bxa5 35.bxa5
Rxe5 36.Rxe5 Rxe5 37.a6 Re8 38.Rb1 Ra8 39.Rb7+ Ke6 40.a7 g5 41.Rxh7 Kd6 42.Ke3
Kc5 43.Rb7 Kc4 44.Kd2 c5 45.Rg7 Rf8 46.Rf7 Ra8 47.Rb7 d4 48.cxd4 Kxd4 49.Kc2 Kc4
50.g4 Kd4 51.Kb3 Ke3 52.Kc4 Kf2 53.Rb2+ Kg3 54.Ra2 Kxg4 55.Ra3 Kf4 56.Kxc5 g4
57.Kb6 Re8 58.a8=Q Rxa8 59.Rxa8 Kg3 60.Ra2 Kh2 61.Kc5

[Event "aut_chT03"]
[Site "Jenbach"]
[Date "2004.01.24"]
[Round "6"]
[Board "1"]
[White "Boensch, Uwe"]
[Black "Tischbierek, Raj"]
[Result "1/2-1/2"]
[WhiteElo "2545"]
[BlackElo "2507"]
[PlyCount "115"]

1.d4 Nf6 2.c4 e6 3.Nf3 d5 4.g3 dxc4 5.Bg2 Nc6 6.O-O Rb8 7.e3 b5 8.Qe2 Bb7 9.Rd1
Nb4 10.Nc3 a6 11.e4 Be7 12.Ne1 O-O 13.Bf4 Qc8 14.a3 Nc6 15.d5 Na5 16.Bh3 Nb3
17.dxe6 Kh8 18.e5 Ng8 19.Rab1 fxe6 20.Qg4 Qe8 21.Bg2 Bxg2 22.Nxg2 Qc6 23.Be3 Bc5
24.Qe4 Ne7 25.f4 Rbd8 26.Qxc6 Nxc6 27.Ne4 Bxe3+ 28.Nxe3 Ncd4 29.Kf2 h6 30.h4 Kg8
31.h5 Kf7 32.Ng2 Nc2 33.Ne3 Ncd4 34.Ng2 Rd7 35.Ne3 Ke7 36.Ng2 Rfd8 37.Ne3 Nf5
38.Rxd7+ Rxd7 39.Rd1 Rd3 40.Rxd3 cxd3 41.Nxf5+ exf5 42.Nc3 c5 43.Ke3 c4 44.a4
bxa4 45.Nxa4 Nc1 46.Nb6 Ne2 47.Kf2 Nd4 48.Nxc4 Nc2 49.b3 Ke6 50.Nb2 d2 51.Ke2
Nd4+ 52.Kxd2 Nxb3+ 53.Ke3 a5 54.Na4 Kd5 55.Kd3 Nc1+ 56.Kd2 Nb3+ 57.Kd3 Nc1+
58.Kc2

[Event "aut_chT03"]
[Site "Jenbach"]
[Date "2004.01.24"]
[Round "6"]
[Board "2"]
[White "Vogt, Lothar"]
[Black "Stangl, Markus"]
[Result "1-0"]
[WhiteElo "2466"]
[BlackElo "2493"]
[PlyCount "47"]

1.e4 c5 2.Nf3 d6 3.d4 cxd4 4.Nxd4 Nf6 5.Nc3 a6 6.Bg5 e6 7.f4 Nc6 8.Nxc6 bxc6
9.e5 h6 10.Bh4 g5 11.fxg5 Nd5 12.Ne4 Qb6 13.Bd3 Qxb2 14.g6 fxg6 15.O-O Qxe5
16.Nf6+ Nxf6 17.Bxg6+ Kd7 18.Bxf6 Qe3+ 19.Kh1 Rg8 20.Bh7 Rg5 21.Bxg5 Qxg5
22.Rxf8 Qg7 23.Qf1 Ke7 24.Rg8

[Event "aut_chT03"]
[Site "Jenbach"]
[Date "2004.01.24"]
[Round "6"]
[Board "3"]
[White "Weinzettl, Ernst"]
[Black "Lehner, Oliver"]
[Result "1/2-1/2"]
[WhiteElo "2343"]
[BlackElo "2404"]
[PlyCount "25"]

1.e4 e5 2.Nf3 Nf6 3.Nxe5 d6 4.Nf3 Nxe4 5.Qe2 Qe7 6.d3 Nf6 7.Bg5 Qxe2+ 8.Bxe2 Be7
9.Nc3 c6 10.O-O-O Na6 11.d4 Nc7 12.h3 d5 13.Bd3

[Event "aut_chT03"]
[Site "Jenbach"]
[Date "2004.01.24"]
[Round "6"]
[Board "4"]
[White "Bokros, Albert"]
[Black "Ellers, Holger"]
[Result "1/2-1/2"]
[WhiteElo "2484"]
[BlackElo "2402"]
[PlyCount "91"]

1.e4 c5 2.Nf3 Nc6 3.d4 cxd4 4.Nxd4 g6 5.c4 Bg7 6.Be3 Nf6 7.Nc3 O-O 8.Be2 d6
9.O-O Bd7 10.Qd2 Nxd4 11.Bxd4 Bc6 12.f3 a5 13.b3 Nd7 14.Be3 Nc5 15.Rab1 Qb6
16.Rfc1 Rfc8 17.Rc2 Qd8 18.a3 Be5 19.Nd1 Ne6 20.Nf2 Bg7 21.f4 Nc5 22.Bf3 e5
23.fxe5 Bxe5 24.b4 axb4 25.axb4 Ne6 26.Ng4 Ra3 27.b5 Be8 28.Rd1 Qa5 29.Qf2 Ra1
30.Rxa1 Qxa1+ 31.Rc1 Qb2 32.Nxe5 Qxe5 33.Qd2 Ra8 34.Qd5 Ra3 35.Qxe5 dxe5 36.Kf2
Kf8 37.Be2 Ra2 38.Kf1 Ke7 39.c5 Rxe2 40.Kxe2 Bxb5+ 41.Kd2 Bc6 42.Rc4 h5 43.g3
Nc7 44.Bf2 Ke6 45.Ke3 Ne8 46.Be1

[Event "aut_chT03"]
[Site "Jenbach"]
[Date "2004.01.24"]
[Round "6"]
[Board "5"]
[White "Kleissl, Helmut"]
[Black "Miniboeck, Guenter"]
[Result "0-1"]
[WhiteElo "2311"]
[BlackElo "2333"]
[PlyCount "112"]

1.Nf3 c5 2.c4 Nc6 3.d4 cxd4 4.Nxd4 Nf6 5.g3 Qb6 6.Nc2 e6 7.Bg2 d5 8.cxd5 exd5
9.O-O Be7 10.Ne3 d4 11.Nc4 Qa6 12.Ncd2 O-O 13.Nf3 Rd8 14.Bf4 Bf5 15.Nh4 Bg4
16.Bf3 Bh3 17.Ng2 h6 18.Qd3 Qxd3 19.exd3 Nd5 20.Bd2 Ndb4 21.Bxb4 Nxb4 22.Na3
Nxd3 23.Nc4 Rac8 24.Na5 b6 25.Nc6 Rd7 26.Rfd1 Nxb2 27.Rd2 Nc4 28.Nxe7+ Rxe7
29.Rxd4 Ne5 30.Be4 Rd7 31.Rxd7 Bxd7 32.Nf4 Rc4 33.Bd5 Rd4 34.f3 Nd3 35.Ng6 Nb4
36.Bb3 Rd2 37.Re1 Nc6 38.Re3 a5 39.a4 Nd4 40.Bxf7+ Kxf7 41.Ne5+ Kg8 42.Nxd7
Nxf3+ 43.Rxf3 Rxd7 44.Rc3 Rd4 45.Rc6 Rxa4 46.Rxb6 Ra2 47.Rb7 h5 48.h4 a4 49.Rb5
a3 50.Rb3 Kf7 51.Re3 Kf6 52.Kf1 Kf5 53.Kg1 Kg4 54.Kf1 Kh3 55.Rf3 Ra1+ 56.Kf2 a2

[Event "aut_chT03"]
[Site "Jenbach"]
[Date "2004.01.24"]
[Round "6"]
[Board "6"]
[White "Weissenbeck, Manuel"]
[Black "Blaas, Hansjoerg"]
[Result "1/2-1/2"]
[WhiteElo "2264"]
[BlackElo "2267"]
[PlyCount "36"]

1.e4 c5 2.Nf3 g6 3.c3 Nf6 4.e5 Nd5 5.Bc4 Nb6 6.Bb3 d5 7.d4 cxd4 8.cxd4 Bg7 9.Nc3
Nc6 10.h3 f6 11.exf6 exf6 12.O-O O-O 13.Re1 Na5 14.Bc2 Qd6 15.Ne2 Be6 16.Bf4 Qd7
17.Rc1 Rac8 18.b3 Nc6